000 00293nam a22001337a 4500
008 170204b xxu||||| |||| 00| 0 eng d
020 _a0444018557
041 _aeng
080 _a61
100 _a3
101 _aSHM
245 _aGERIATRICS AT YOUR FINGERTIPS
_cREUBEN, D.B
942 _2udc
_cBK
999 _c4600
_d4600